How Greek science passed to the Arabs /

محفوظ في:

المؤلف الرئيسي: O'Leary, De Lacy, 1872-1957 (مؤلف)

التنسيق: كتاب

اللغة: English

منشور في: London : Routledge and K. Paul, [1948].

الموضوعات:

الوسوم: إضافة وسم

لا توجد وسوم, كن أول من يضع وسما على هذه التسجيلة!

رقم الطلب: DS38 .O38 1948

LEADER 00738namaa2200241 4500
001 20649
003 OSt
005 20260105080919.0
008 130303s1948 enk b 000 0 eng d
010 |a 49006444 
040 |c ARCE Library 
050 4 |a DS38 .O38 1948 
100 1 |a O'Leary, De Lacy,  |d 1872-1957,  |e author 
245 1 0 |a How Greek science passed to the Arabs /  |c De Lacy Evans O'Leary. 
264 1 |a London :  |b Routledge and K. Paul,  |c [1948]. 
300 |a vi, 196 pages ;  |c 23 cm. 
504 |a Bibliography : pages [189]-192. 
650 0 |a Civilization, Arab  |x Greek influences. 
650 0 |a Hellenism. 
650 0 |a Church history  |y Primitive and early church, ca. 30-600. 
901 |a reviewed 
942 |c BK  |2 lcc 
999 |c 17110  |d 17110